Sąsiedzi Polski - Statystyki

Ogólne statystyki
  • Ten quiz został rozwiązany 5 683 razy
  • Średni wynik to 6 z 7
Statystyki odpowiedzi
Państwo % Poprawnych
Niemcy
97%
Rosja
95%
Ukraina
94%
Czechy
93%
Litwa
90%
Białoruś
89%
Słowacja
89%
Nie znaleziono quizów pasujących do podanych kryteriów
Rozkład punktacji
Procent ludzi z każdym wynikiem
Percentyl według liczby udzielonych odpowiedzi
Twoja historia wyników
Nie rozwiązałeś tego quizu